[Event "La Zubia op 13th"]
[Site "La Zubia"]
[Date "2024.12.06"]
[Round "4"]
[White "Giraldez Requena, Hugo"]
[Black "Sanjuan Garcia, Miguel"]
[Result "1/2-1/2"]
[WhiteElo "1801"]
[BlackElo "1983"]
[PlyCount "36"]
[EventDate "2024.12.05"]
[EventType "swiss"]
[EventRounds "7"]
[EventCountry "ESP"]
[SourceTitle "CB04_2025"]
[SourceDate "2025.01.22"]
[SourceVersion "1"]
[SourceVersionDate "2025.01.22"]
[SourceQuality "1"]

1. d4 g6 2. f4 f5 3. Nf3 Nf6 4. e3 Bg7 5. Bd3 c5 6. c3 b6 7. Nbd2 cxd4 8. cxd4 Ba6 9. Nf1 Bxd3 10. Qxd3 Qc8 11. Bd2 Qa6 12. Rc1 0-0 13. Qb3+ e6 14. Ne5 Nd5 15. Ng3 Bxe5 16. dxe5 Nc6 17. Ne2 Rac8 18. Kf2 Kf7 1/2-1/2

[Event "ESP-ch U10 rapid"]
[Site "Salobrena"]
[Date "2024.07.07"]
[Round "7"]
[White "Fuentes De Nova, Sebastian"]
[Black "Giraldez Requena, Hugo"]
[Result "1/2-1/2"]
[WhiteElo "1802"]
[BlackElo "1793"]
[PlyCount "83"]
[EventDate "2024.07.06"]
[EventType "swiss (rapid)"]
[EventRounds "9"]
[EventCountry "ESP"]
[SourceTitle "EXT 2025"]
[Source "ChessBase"]
[SourceDate "2024.10.14"]
[SourceVersion "1"]
[SourceVersionDate "2024.10.14"]
[SourceQuality "1"]

1. d4 Nf6 2. Bg5 c6 3. Nf3 d5 4. e3 Bf5 5. c4 Qb6 6. Qb3 Qxb3 7. axb3 Na6 8. Bxf6 exf6 9. cxd5 Nb4 10. Kd2 cxd5 11. Nc3 Be7 12. Bb5+ Bd7 13. Bxd7+ Kxd7 14. Ne1 a5 15. Nd3 Nxd3 16. Kxd3 Ke6 17. Nb5 Rhc8 18. Rhc1 Bd8 19. Nc3 f5 20. Ne2 g5 21. Rc3 Rc6 22. Rxc6+ bxc6 23. Nc3 Rb8 24. Kc2 h5 25. Na4 Be7 26. Nc3 Bb4 27. Na2 Bd6 28. Nc1 Rb5 29. Nd3 h4 30. g3 h3 31. f4 g4 32. Ne5 Bxe5 33. fxe5 f6 34. exf6 Kxf6 35. Kc3 Ke6 36. Ra4 c5 37. dxc5 Rxc5+ 38. Kd2 Rb5 39. Kc3 Rc5+ 40. Kd2 Rb5 41. Kc3 Rc5+ 42. Kd2 1/2-1/2

[Event "ESP-ch U10 rapid"]
[Site "Salobrena"]
[Date "2024.07.07"]
[Round "9"]
[White "Giraldez Requena, Hugo"]
[Black "Garcia Tanjala, Marko"]
[Result "0-1"]
[WhiteElo "1793"]
[BlackElo "1842"]
[PlyCount "90"]
[EventDate "2024.07.06"]
[EventType "swiss (rapid)"]
[EventRounds "9"]
[EventCountry "ESP"]
[SourceTitle "EXT 2025"]
[Source "ChessBase"]
[SourceDate "2024.10.14"]
[SourceVersion "1"]
[SourceVersionDate "2024.10.14"]
[SourceQuality "1"]

1. e4 c5 2. Nf3 d6 3. d4 cxd4 4. Nxd4 Nf6 5. Nc3 Nc6 6. f3 g6 7. Be3 Bg7 8. Qd2 0-0 9. Bc4 Bd7 10. 0-0-0 Ne5 11. Bb3 Rc8 12. h4 h5 13. Bh6 Nc4 14. Bxc4 Rxc4 15. Bxg7 Kxg7 16. Rdg1 Qb6 17. Nb3 a5 18. Nd5 Nxd5 19. Qxd5 Be6 20. Qxa5 Qxa5 21. Nxa5 Ra4 22. Nb3 Rxa2 23. Nd4 Kh6 24. c3 Bc4 25. Kc2 e5 26. Nb3 f5 27. Nd2 Be6 28. Ra1 Rfa8 29. Rxa2 Rxa2 30. Rd1 Ra6 31. Nf1 f4 32. g3 g5 33. gxf4 exf4 34. hxg5+ Kxg5 35. Rd2 h4 36. Rg2+ Kh5 37. Nh2 h3 38. Rg7 Kh4 39. Rg6 d5 40. Kd2 dxe4 41. fxe4 Rd6+ 42. Ke1 Kh5 43. Rg7 b6 44. e5 Rd3 45. Nf1 Rg3 0-1

[Event "ESP-ch U10 rapid"]
[Site "Salobrena"]
[Date "2024.07.06"]
[Round "4"]
[White "Giraldez Requena, Hugo"]
[Black "Ayllon Redondo, Asier"]
[Result "1-0"]
[WhiteElo "1793"]
[BlackElo "1629"]
[PlyCount "123"]
[EventDate "2024.07.06"]
[EventType "swiss (rapid)"]
[EventRounds "9"]
[EventCountry "ESP"]
[SourceTitle "EXT 2025"]
[Source "ChessBase"]
[SourceDate "2024.10.14"]
[SourceVersion "1"]
[SourceVersionDate "2024.10.14"]
[SourceQuality "1"]

1. e4 c5 2. Nf3 Nc6 3. d4 cxd4 4. Nxd4 e5 5. Nb5 d6 6. N1c3 a6 7. Na3 Be7 8. Nd5 Nf6 9. Nxe7 Qxe7 10. Bg5 0-0 11. Nc4 Rd8 12. Nb6 Rb8 13. Nd5 Qe6 14. Bxf6 gxf6 15. Bc4 Kh8 16. Qf3 Nd4 17. Qd3 Rg8 18. c3 Nc6 19. Qf3 Rg6 20. Bb3 Qg4 21. Ne3 Qxf3 22. gxf3 Be6 23. Bd5 Rbg8 24. 0-0-0 Rd8 25. Rd2 h6 26. Rhd1 Rgg8 27. Bxe6 fxe6 28. Rxd6 Rxd6 29. Rxd6 Re8 30. Ng4 Kg7 31. Rd7+ Re7 32. Rd6 h5 33. Ne3 Kf7 34. Ng2 Rc7 35. f4 Re7 36. b4 exf4 37. Nxf4 h4 38. Ng2 h3 39. Nf4 Ne5 40. Rd2 Rc7 41. Kc2 Nf3 42. Rd1 Ne5 43. Nxh3 Nf3 44. Nf4 Nxh2 45. Rh1 Rc8 46. Rxh2 e5 47. Nd5 Rd8 48. Rh7+ Kf8 49. Rh8+ Kf7 50. Rxd8 b5 51. Rd6 Ke8 52. Rxf6 Kd7 53. Rxa6 Kd8 54. Ra7 Ke8 55. Kd3 Kd8 56. c4 bxc4+ 57. Kxc4 Kc8 58. Kc5 Kd8 59. Nf6 Kc8 60. Rd7 Kb8 61. Kb6 Ka8 62. Rd8# 1-0

[Event "ESP-ch U10"]
[Site "Salobrena"]
[Date "2024.07.04"]
[Round "6"]
[White "Giraldez Requena, Hugo"]
[Black "Fuentes De Nova, Sebastian"]
[Result "1/2-1/2"]
[WhiteElo "1795"]
[BlackElo "1822"]
[PlyCount "108"]
[EventDate "2024.07.01"]
[EventType "swiss"]
[EventRounds "9"]
[EventCountry "ESP"]
[SourceTitle "EXT 2025"]
[Source "ChessBase"]
[SourceDate "2024.10.14"]
[SourceVersion "1"]
[SourceVersionDate "2024.10.14"]
[SourceQuality "1"]

1. d4 Nf6 2. f4 d5 3. e3 e6 4. c3 Ne4 5. Nf3 Nd7 6. Bd3 Ndf6 7. Nbd2 Bd6 8. Ne5 a6 9. 0-0 c5 10. Bxe4 dxe4 11. Qc2 cxd4 12. cxd4 Qc7 13. Qb1 Bd7 14. Nxe4 Nxe4 15. Qxe4 Bc6 16. Nxc6 Qxc6 17. Qxc6+ bxc6 18. Bd2 Rb8 19. b3 Kd7 20. Rac1 Rhc8 21. Rc4 c5 22. dxc5 Rxc5 23. Rfc1 Rbc8 24. Rxc5 Rxc5 25. Rxc5 Bxc5 26. Kf2 Kc6 27. a4 Kd5 28. Kf3 f5 29. h3 Be7 30. Bc3 g6 31. Ke2 h6 32. Kd3 g5 33. fxg5 hxg5 34. g4 f4 35. e4+ Kc5 36. b4+ Kc6 37. Kc4 Bd8 38. b5+ axb5+ 39. axb5+ Kb7 40. Kd4 Bc7 41. e5 Kb6 42. Be1 Kxb5 43. h4 Bd8 44. h5 Be7 45. h6 Bf8 46. h7 Bg7 47. Ke4 Bh8 48. Bc3 Bg7 49. Bb2 Kb4 50. Bd4 Kb5 51. Ba7 Kc6 52. Bb8 Kd7 53. Bd6 Ke8 54. Bc7 Bh8 1/2-1/2

[Event "ESP-ch U10"]
[Site "Salobrena"]
[Date "2024.07.03"]
[Round "4"]
[White "Escobar Pavlik, Luka"]
[Black "Giraldez Requena, Hugo"]
[Result "0-1"]
[WhiteElo "1645"]
[BlackElo "1795"]
[PlyCount "62"]
[EventDate "2024.07.01"]
[EventType "swiss"]
[EventRounds "9"]
[EventCountry "ESP"]
[SourceTitle "EXT 2025"]
[Source "ChessBase"]
[SourceDate "2024.10.14"]
[SourceVersion "1"]
[SourceVersionDate "2024.10.14"]
[SourceQuality "1"]

1. d4 Nf6 2. c4 g6 3. Nf3 Bg7 4. Nc3 d6 5. h3 0-0 6. e4 e5 7. d5 a5 8. Be3 Na6 9. Qd2 Bd7 10. Bd3 c6 11. Na4 cxd5 12. Bc2 d4 13. Bg5 Qc7 14. Bxf6 Bxf6 15. Rc1 Rac8 16. a3 b5 17. cxb5 Bxb5 18. b3 d3 19. g4 dxc2 20. g5 Bg7 21. Qe3 Bxa4 22. bxa4 Qc3+ 23. Qxc3 Rxc3 24. Ke2 Nc5 25. Nd2 Rb8 26. h4 Bf8 27. f3 Nxa4 28. Nf1 d5 29. exd5 Bxa3 30. Kd2 Bxc1+ 31. Kxc1 Rb1+ 0-1

[Event "ESP-ch U10"]
[Site "Salobrena"]
[Date "2024.07.03"]
[Round "5"]
[White "Giraldez Requena, Hugo"]
[Black "Garcia Huerta, Joaquin Marc"]
[Result "1-0"]
[WhiteElo "1795"]
[BlackElo "1753"]
[PlyCount "101"]
[EventDate "2024.07.01"]
[EventType "swiss"]
[EventRounds "9"]
[EventCountry "ESP"]
[SourceTitle "EXT 2025"]
[Source "ChessBase"]
[SourceDate "2024.10.14"]
[SourceVersion "1"]
[SourceVersionDate "2024.10.14"]
[SourceQuality "1"]

1. d4 d5 2. Nf3 Nf6 3. Bg5 e6 4. e3 Be7 5. Bd3 Nbd7 6. c3 c5 7. Nbd2 h6 8. Bh4 0-0 9. 0-0 Re8 10. Re1 b6 11. Rc1 Bb7 12. Bb1 Rc8 13. Qc2 Ne4 14. Bxe7 Qxe7 15. Qd1 Ndf6 16. Nxe4 Nxe4 17. Bxe4 dxe4 18. Nd2 Qg5 19. Qe2 e5 20. dxc5 bxc5 21. Qb5 Ba8 22. Nc4 Red8 23. Qa4 Rc7 24. Rcd1 Rd3 25. Qe8+ Kh7 26. Qxa8 Rcd7 27. Rxd3 exd3 28. Qe4+ g6 29. Rd1 Qh5 30. f3 Qg5 31. Rxd3 Qe7 32. Qxe5 Qd8 33. Rxd7 Qxd7 34. Qd6 Qb5 35. Qd5 Qa4 36. Qxf7+ Kh8 37. Qd5 Qxa2 38. Qd8+ Kh7 39. Qe7+ Kh8 40. Ne5 Qb1+ 41. Kf2 Qxb2+ 42. Kg3 Qb8 43. Qf6+ Kh7 44. Qxg6+ Kh8 45. f4 Qf8 46. Nf7+ Qxf7 47. Qxf7 h5 48. f5 h4+ 49. Kxh4 a5 50. f6 c4 51. Qg7# 1-0